000 00647nam a2200265Ia 4500
005 20250425161855.0
008 250425s9999 xx 000 0 und d
020 _a8480882255
041 _aspa
043 _asp
082 _a658.314
100 _aVALLS, ANTONIO
245 0 _aINTELIGENCIA EMOCIONAL EN LA EMPRESA
250 _a1A ED.
260 _aBARCELONA
260 _aEspaƱa
_bGESTION 2000
_c1997
300 _a143
650 _aADMINISTRACION DE EMPRESAS
650 _aEMPRESAS-ESTRATEGIAS
650 _aINTELIGENCIA EMOCIONAL
650 _aMOTIVACION
710 _aGESTION 2000 S.A.
942 _c01
010 _a33282
999 _c217909
_d217909